| 000 | 00989nam a22002177a 4500 | ||
|---|---|---|---|
| 005 | 20210325205320.0 | ||
| 008 | s2553 th tha d | ||
| 020 | _a9786167279022 | ||
| 041 | _atha | ||
| 050 | _aDS571 ด495ก 2553 | ||
| 100 | 0 | _aดำรงราชานุภาพ, สมเด็จพระเจ้าบรมวงศ์เธอ กรมพระยา | |
| 245 | 1 | 0 | _aเกร็ดประวัติศาสตร์สยาม [2nd] |
| 260 | 3 |
_aกรุงเทพฯ : _bวิสดอม, _c2553 |
|
| 300 |
_a248 หน้า : _b ภาพประกอบ ; _c 21 ซม. |
||
| 650 | 0 | 4 | _aไทย -- ประวัติศาสตร์ -- รวมเรื่อง |
| 850 | _aNALT | ||
| 942 | _cGB | ||
| 997 | _a39158 ฉ.1 / 39159 ฉ.2 | ||
| 997 | _c000000000063199 | ||
| 998 | _aนางสาวเบญจลักษณ์ สุทธิวิไล | ||
| 999 |
_c63199 _d63199 |
||